Statystyki dla Klasyfikacja medalowa Pucharu Karaibów w piłce nożnej

Kliknij tutaj aby rozwiązać quiz!

Ogólne statystyki

  • Ten quiz został rozwiązany 25 razy
  • Średni wynik to 9 z 12

Statystyki odpowiedzi

Reprezentacja123Łącznie% Poprawnych
Haiti1146
100%
Jamajka63110
100%
Kuba1337
100%
Trynidad i Tobago85316
100%
Saint Lucia0011
84%
Saint Vincent i Grenadyny0101
84%
Saint Kitts i Nevis0101
80%
Grenada0202
76%
Curaçao1001
56%
Gwadelupa0134
56%
Martynika1135
52%
Gujana Francuska0011
20%

Rozkład punktacji

Percentyl według liczby udzielonych odpowiedzi

Procent ludzi z każdym wynikiem

Twoja historia wyników

Nie rozwiązałeś tego quizu